Top 10 Queens Park Rangers Premier League Most Assists - Statistics

General Stats
  • This quiz has been taken 21 times
  • The average score is 4 of 10
Answer Stats
Player Assists % Correct
Les Ferdinand 18
94%
Trevor Sinclair 18
50%
Kevin Gallen 14
33%
Ray Wilkins 18
33%
Andy Impey 15
28%
Andy Sinton 9
22%
Clive Wilson 9
22%
David Bardsley 14
22%
Ian Holloway 9
22%
Simon Barker 9
22%
No matching quizzes found
Score Distribution
Percent of People with Each Score
Percentile by Number Answered
Your Score History
You have not taken this quiz